000 00721nam a2200205Ia 4500
003 GCL
008 140319s9999 xx 000 0 ara d
040 _aGCL /
_cGCL
082 0 4 _a258
_bع م
100 1 _aعبدالله العلايلى
245 1 0 _aمسالة التقريب بين المذاهب الاسلامية: اسس ومنطلقات /
_cعبدالله العلايلى
260 _a[S.N] :
_bدار التقريب ،
_c1994
300 _a240 ص
490 _aنحو مجتمع اسلامى موحد
_v0
650 0 4 _aالاسلام
650 0 4 _aالفقه الاسلامى
650 0 4 _aالمذاهب الفقهية
650 0 4 _aالمذاهب الفقهية الاسلامية
942 _2ddc
_cBK
999 _c58428
_d58428